00742cam a22002291 4500001001300000003000400013005001700017008004100034010001700075025002000092035002000112040001700132042001200149050001700161110004900178245008200227260010300309300002600412650003600438650002100474999001700495sa 65006878 DLC20260227112145.0850617s1964 io a 000 0 ind  asa 65006878  aPL480:Indo-1421 a(OCoLC)12166853 aDLCcHUdDLC apremarc00aSH336.S3bI51 aIndonesia.bDepartemen Perindustrian Rakjat.10aBuku penuntun membuat ikan asin.cDiselenggarakan oleh PN. PR. Nupriksa Yasa. a[Djakarta,bBagian Penjuluhan Direktorat Industrialisasi, Departemen Perindustrian Rakjat,c1964?] a18 p.billus.c22 cm. 0aFishery productsxPreservation. 0aSalting of food. c64919d64919